Flags On The Correct Side Of The Equator - Sudden Death - Statistics

General Stats
  • This quiz has been taken 648 times
  • The average score is 7 of 12
Answers on the Grid
Answers color-coded by a green-red scale on the quiz's grid according to % correct below.
example
example
example
example
example
example
example
example
example
example
example
example
----------
THE
EQUATOR
----------
example
example
example
example
example
example
example
example
example
example
example
example
 
Answer Stats
Answer % Correct
United States example
82%
Sweden example
79%
Qatar example
69%
Iran example
64%
Argentina example
62%
Australia example
62%
Cambodia example
52%
Venezuela example
44%
Lesotho example
43%
Peru example
42%
Seychelles example
38%
Timor-Leste example
32%
No matching quizzes found
Score Distribution
Percent of People with Each Score
Percentile by Number Answered
Your Score History
You have not taken this quiz